History Minefield Hangman III Quiz Stats

 Plays Quiz not verified by Sporcle

Support Sporcle.
Go Orange.
Score 0/14 Timer 01:00
0 Plays Today
% Correct
???
99.8%
???
49%
???
49%
???
49%
???
44.6%
???
44.6%
???
40.8%
% Correct
???
30.2%
???
29.4%
???
25.9%
???
25.9%
???
18.9%
???
18.1%
???
16.4%

You're not logged in!

Compare scores with friends on all Sporcle quizzes.
OR
Log In

From the Vault

TV Shows in 8 Words

by giveupyet

We just like to make it nice and simple for you at Sporcle.
Remove Ads.
Support Sporcle.
Get the best of Sporcle when you Go Orange. This ad-free experience offers more features, more stats, and more fun while also helping to support Sporcle. Thank you for becoming a member.

Show Comments

Extras

Top Quizzes Today


Score Distribution

Your Account Isn't Verified!

In order to create a playlist on Sporcle, you need to verify the email address you used during registration. Go to your Sporcle Settings to finish the process.

Report this User

Report this user for behavior that violates our Community Guidelines.

Details: